Giáo trình kỹ thuật thi công

Nội dung giáo trình nhằm cung cấp cho sinh viên một cách hệ thống kiến thức về công nghệ thi công chủ yếu trong xây dựng dân dụng và công nghiệp.

Guardat en:
Dades bibliogràfiques
Autor principal: Tạ, Thanh Vân
Format: Llibre
Idioma:Undetermined
Publicat: Hà Nội Xây Dựng 2003
Matèries:
Etiquetes: Afegir etiqueta
Sense etiquetes, Sigues el primer a etiquetar aquest registre!
Thư viện lưu trữ: Trung tâm Học liệu Trường Đại học Cần Thơ
LEADER 00839nam a2200229Ia 4500
001 CTU_112513
008 210402s9999 xx 000 0 und d
020 |c 30000 
082 |a 690 
082 |b V121 
100 |a Tạ, Thanh Vân 
245 0 |a Giáo trình kỹ thuật thi công 
245 0 |c Tạ Thanh Vân 
260 |a Hà Nội 
260 |b Xây Dựng 
260 |c 2003 
520 |a Nội dung giáo trình nhằm cung cấp cho sinh viên một cách hệ thống kiến thức về công nghệ thi công chủ yếu trong xây dựng dân dụng và công nghiệp. 
650 |a Building,Building 
650 |x Estimates 
904 |i Minh 
910 |a Tên tác giả ghi ở lời nói đầu 
980 |a Trung tâm Học liệu Trường Đại học Cần Thơ